书目信息 |
| 题名: |
煤矸石淋溶液对地下水污染机理和数值预测
|
|
| 作者: | 梁冰 , 肖利萍 著 | |
| 分册: | ||
| 出版信息: | 沈阳 辽宁科学技术出版社 2012 |
|
| 页数: | 139页 | |
| 开本: | 26cm | |
| 丛书名: | ||
| 单 册: | ||
| 中图分类: | X523 | |
| 科图分类: | ||
| 主题词: | 煤矸石--溶液--地下水污染--研究 , 煤矸石 , 地下水污染 , 溶液 | |
| 电子资源: | ||
| ISBN: | 978-7-5381-7455-7 | |
| 000 | 01327nam0 2200301 450 | |
| 001 | 139798 | |
| 005 | 20140913135813.64 | |
| 010 | @a978-7-5381-7455-7@dCNY 30.00 | |
| 100 | @a20120903d2012 em y0chiy50 ea | |
| 101 | 0 | @achi |
| 102 | @aCN@b210000 | |
| 105 | @ay z 000yy | |
| 200 | 1 | @a煤矸石淋溶液对地下水污染机理和数值预测@Amei gan shi lin rong ye dui di xia shui wu ran ji li he shu zhi yu ce@b专著@f梁冰,肖利萍著 |
| 210 | @a沈阳@c辽宁科学技术出版社@d2012 | |
| 215 | @a139页@d26cm | |
| 300 | @a辽宁科协资助 辽宁省优秀自然科学著作 | |
| 312 | @a封面英文题名:Mechanism and numerical prediction of coal gangue leachate to groundwater pollution | |
| 330 | @a本书探讨了煤矸石溶解释放污染组分的内在机制和淋溶液污染组分对地下水系统污染的机理、规律和数值预测。内容包括:煤矸石的组成特性及其风化淋溶的环境效应、煤矸石——水相互作用污染组分的溶解释放、煤矸石周边地区土壤——地下水污染特征及其污染来源分析等。 | |
| 510 | 1 | @aMechanism and numerical prediction of coal gangue leachate to groundwater pollution@zeng |
| 606 | 0 | @a煤矸石@x溶液@x地下水污染@x研究 |
| 606 | 0 | @a煤矸石 |
| 606 | 0 | @a地下水污染 |
| 606 | 0 | @a溶液 |
| 690 | @aX523@v5 | |
| 701 | 0 | @a梁冰@Aliang bing@c(女,@f1962 )@4著 |
| 701 | 0 | @a肖利萍@Axiao li ping@c(女,@f1970 )@4著 |
| 801 | 0 | @aCN@b110017@c20140913 |
| 905 | @a241430@dX523@eL396 | |
| 煤矸石淋溶液对地下水污染机理和数值预测/梁冰,肖利萍著.-沈阳:辽宁科学技术出版社,2012 |
| 139页;26cm |
| 辽宁科协资助 辽宁省优秀自然科学著作 |
| ISBN 978-7-5381-7455-7:CNY 30.00 |
| 本书探讨了煤矸石溶解释放污染组分的内在机制和淋溶液污染组分对地下水系统污染的机理、规律和数值预测。内容包括:煤矸石的组成特性及其风化淋溶的环境效应、煤矸石——水相互作用污染组分的溶解释放、煤矸石周边地区土壤——地下水污染特征及其污染来源分析等。 |
| ● |
| 相关链接 |
|
|
|
正题名:煤矸石淋溶液对地下水污染机理和数值预测
索取号:X523/L396
 
预约/预借
| 序号 | 登录号 | 条形码 | 馆藏地/架位号 | 状态 | 备注 |
| 1 | 0832111 | 208321118 | 自科库501/501自科库 101排2列3层/ [索取号:X523/L396] | 在馆 | |
| 2 | 0832112 | 208321127 | 自科库501/501自科库 101排2列3层/ [索取号:X523/L396] | 在馆 | |
| 3 | 0832113 | 208321136 | 自科二线400A/400A自科库 29排2列2层/ [索取号:X523/L396] | 在馆 |